000 00258nam a2200097Ia 4500
008 230508s2002 xx 000 0 und d
041 _aeng
100 _aGLANVILL &DENTON
245 _aINJECTION-MOULD DESIGN FUNDAMENTALS
260 _bINDUSTRIAL PRESS LTD
_c2002
999 _c339769
_d339769